000 005190000a22001810004500
003 MACL
005 20160420140001.0
008 160420b xxu||||| |||| 00| 0 eng d
040 _aMACL
_cMACL
041 _aHindi
082 _a100
100 _aपंडित वा. ना
_952904
245 _aवेदस्‍तुति दीपिका
260 _bनवोदय सेल्‍स
_c1995
_aनई दिल्‍ली
350 _a195
650 _aPhilosophy
_952905
942 _cHIN
_k800
_2ddc
999 _c21547
_d21547